Les 20 département les plus visité en 2025 ! - Statistiques

Statistiques générales
  • Ce quiz a été pris 47 fois
  • Le résultat moyen est 8 sur 15
Statistiques - réponses
Hint Réponse % Correct
1 Paris
97%
12 Gironde
76%
11 Var
76%
8 Alpes maritimes
71%
2 Herault
66%
5 Finistere
63%
15 Gard
61%
3 Pas de calais
50%
13 Vendée
45%
4 Calvados
39%
10 Seine Saint Denis
39%
7 Bouche du rhone
26%
6 Moselle
26%
14 Ile et villaine
24%
9 Haute seine
8%
Aucun quiz correspondant
Distribution des résultats
% des personnes avec chaque résultat
Percentile par nombre de réponses
Votre historique - résultats
Vous n’avez pas pris ce quiz